A history of American foreign policy /

Bibliographic Details
Main Author: Latané, John Holladay, 1869-1932
Other Authors: Wainhouse, David Walter
Format: Book
Language:English
Published: New York : Odyssey Press, 1940.
Subjects:

MARC

Tag First Indicator Second Indicator Subfields
LEADER 00000cam a2200000 4500
001 in00000067639
005 20151008050149.0
008 741008s1940 nyu b 00000 eng u
035 |a (OCoLC)01034536 
035 |9 AAF9947AM 
040 |c ODC  |d TXA  |d UtOrBLW 
049 |a TXAM  |c [129385] 
090 |a JZ1480  |b .L37 1940 
092 |a 327.73  |b L351h, 1940 
100 1 |a Latané, John Holladay,  |d 1869-1932. 
245 1 2 |a A history of American foreign policy /  |c [by] John Holladay Latane...and David W. Wainhouse... 
264 1 |a New York :  |b Odyssey Press,  |c 1940. 
300 |a ix, 1028p :  |b double maps. ;  |c 24cm. 
336 |a text  |b txt  |2 rdacontent 
337 |a unmediated  |b n  |2 rdamedia 
338 |a volume  |b nc  |2 rdacarrier 
500 |a "First printing of the second revision." 
500 |a First published 1927; revised 1934, 1940. cf. Pref. 
504 |a Bibliographical foot-notes. 
651 0 |a United States  |x Foreign relations. 
700 1 |a Wainhouse, David Walter. 
740 0 |a American foreign policy. 
999 |a MARS 
999 f f |s 3340e427-c560-362e-8c09-02f9e96f076a  |i 5446ee95-673f-35ef-94c3-8f79477fb7f9  |t 0 
952 f f |p ric  |a Texas A&M University  |b Rellis Campus  |c Joint Library Facility  |d Remote Storage  |t 0  |e JZ1480 .L37 1940  |h Library of Congress classification  |i unmediated -- volume  |m A14800678729 
998 f f |a JZ1480 .L37 1940  |t 0  |l Remote Storage